000 00435cam a2200181ua 4500
020 _c18.00
041 _aeng
_h
082 _a025.52
_bRAN/RE
100 _aRanganathan, S R.
245 _aReference service /
_cS R Ranganathan.
_hTextual Documents
250 _a2 /
_b.
260 _aMumbai :
_bAsia Publishing House ,
_c1961.
300 _a432 ; .
365 _a18.00
504 _a
942 _cBK
999 _c7803
_d7803